000 01085nam a2200289Ia 4500
001 ebr10278047
003 CaPaEBR
006 m u
007 cr cn|||||||||
008 930329s1989 nyu s 001 0 eng d
010 _z 93018918
020 _z9780195079029
040 _aCaPaEBR
_cCaPaEBR
035 _a(OCoLC)72823017
050 1 4 _aKF4772
_b.B35 1989eb
100 1 _aBaker, C. Edwin.
245 1 0 _aHuman liberty and freedom of speech
_h[electronic resource] /
_cC. Edwin Baker.
260 _aNew York ;
_aOxford :
_bOxford University Press,
_c1989.
300 _aviii, 385 p.
500 _aIncludes index.
533 _aElectronic reproduction.
_bPalo Alto, Calif. :
_cebrary,
_d2009.
_nAvailable via World Wide Web.
_nAccess may be limited to ebrary affiliated libraries.
650 0 _aFreedom of speech
_zUnited States.
650 0 _aPolitical science.
655 7 _aElectronic books.
_2local
710 2 _aebrary, Inc.
856 4 0 _uhttp://site.ebrary.com/lib/rucke/Doc?id=10278047
_zAn electronic book accessible through the World Wide Web; click to view
999 _c19035
_d19035